000 00646nam a2200205Ii 4500
003 JO-AjNU
008 230605s9999||||xx |||||||||||||| ||und||
017 _a2012/2/544
040 _aJO-AjNU
_bara
_erda
_cJO-AjNU
041 _aara
050 1 4 _aPJ7814.S63 2012
100 3 _aتأليف الأسمر، أنور,
_eauthor
_947534
245 0 0 _aوأنت إذ تكتب على الريح: شعر
264 3 1 _aعمان:المؤلف،2012
300 _a120ص
336 _atext
_btxt
_2rdacontent
337 _aunmediated
_bn
_2rdamedia
338 _avolume
_bnc
_2rdacarrier
650 4 _aالشعر العربي - العصر الحديث
_947535
999 _aA20757
_c24325
_d24325